| 000 | 00509nam a2200181Ia 4500 | ||
|---|---|---|---|
| 008 | 240925s9999 xx 000 0 und d | ||
| 020 | _a408007583 | ||
| 082 | _a621.38154 NOL | ||
| 100 | _aNot - Available | ||
| 245 | 0 | _aJones' Instrument Technology: electrical and radiation measurements | |
| 250 | _a4th | ||
| 260 |
_aOxford: _bButter worth -Heineman _c,2003. |
||
| 300 |
_axix,304p. _b3 _fOriginal |
||
| 500 | _aIncludes Index | ||
| 600 | _aElectrical Engineering | ||
| 650 | _aTechnology | ||
| 942 | _cBK | ||
| 999 |
_c7568 _d7568 |
||